Halsbury's Laws of England (Record no. 2025)

MARC details
000 -LEADER
fixed length control field 00485nam a22001697a 4500
005 - DATE AND TIME OF INPUT
control field 20240625132131.0
008 - DATA ELEMENTS--GENERAL INFORMATION
fixed length control field 240625b |||||||| |||| 00| 0 eng d
041 ## - LANGUAGE CODE
Language code of text English
082 ## - SHELF NUMBER
DDC number 349 HAL
100 ## - MAIN AUTHOR
Language of a work English
245 ## - TITLE STATEMENT
Title Halsbury's Laws of England
250 ## - EDITION STATEMENT
Edition statement Fourth Edition
260 ## - PUBLICATION, DISTRIBUTION, ETC.
Place of publication, distribution, etc. London:
Name of publisher, distributor, etc. Butterworth and Co. Publishers Ltd,
Date of publication, distribution, etc. 1974
300 ## - PHYSICAL DESCRIPTION
Other physical details 1017 pages;
Dimensions 25 cm.
650 ## - SUBJECT`
Broad subject Legal practice
Own subject terms Law
942 ## - ADDED ENTRY ELEMENTS (KOHA)
Item type Books
942 ## - ADDED ENTRY ELEMENTS (KOHA)
-- ALISON_BN_VRIES
Holdings
Source of classification or shelving scheme Volume number (bound volume or other part) Not for loan Collection code Home library Current library Shelving location Date acquired Full call number Barcode Price effective from Koha item type
Dewey Decimal Classification Volume 8   ALL ENGLAND LAW REPORTS LAW SOCIETY OF NAMIBIA LIBRARY - WINDHOEK LAW SOCIETY OF NAMIBIA LIBRARY - WINDHOEK HALSBURY'S LAWS OF ENGLAND 06/25/2024 349 HAL LSN/2023/2587 06/25/2024 Books
Dewey Decimal Classification Volume 9   ALL ENGLAND LAW REPORTS LAW SOCIETY OF NAMIBIA LIBRARY - WINDHOEK LAW SOCIETY OF NAMIBIA LIBRARY - WINDHOEK HALSBURY'S LAWS OF ENGLAND 06/25/2024 349 HAL LSN/2023/2588 06/25/2024 Books
Dewey Decimal Classification Volume 10   ALL ENGLAND LAW REPORTS LAW SOCIETY OF NAMIBIA LIBRARY - WINDHOEK LAW SOCIETY OF NAMIBIA LIBRARY - WINDHOEK HALSBURY'S LAWS OF ENGLAND 06/25/2024 349 HAL LSN/2023/2589 06/25/2024 Books
Dewey Decimal Classification Volume 11 (1)   ALL ENGLAND LAW REPORTS LAW SOCIETY OF NAMIBIA LIBRARY - WINDHOEK LAW SOCIETY OF NAMIBIA LIBRARY - WINDHOEK HALSBURY'S LAWS OF ENGLAND 06/25/2024 349 HAL LSN/2023/2590 06/25/2024 Books
Dewey Decimal Classification Volume 11 (2)   ALL ENGLAND LAW REPORTS LAW SOCIETY OF NAMIBIA LIBRARY - WINDHOEK LAW SOCIETY OF NAMIBIA LIBRARY - WINDHOEK HALSBURY'S LAWS OF ENGLAND 06/25/2024 349 HAL LSN/2023/2591 06/25/2024 Books
Dewey Decimal Classification Volume 12   ALL ENGLAND LAW REPORTS LAW SOCIETY OF NAMIBIA LIBRARY - WINDHOEK LAW SOCIETY OF NAMIBIA LIBRARY - WINDHOEK HALSBURY'S LAWS OF ENGLAND 06/25/2024 349 HAL LSN/2023/2592 06/25/2024 Books
Dewey Decimal Classification Volume 13   ALL ENGLAND LAW REPORTS LAW SOCIETY OF NAMIBIA LIBRARY - WINDHOEK LAW SOCIETY OF NAMIBIA LIBRARY - WINDHOEK HALSBURY'S LAWS OF ENGLAND 06/25/2024 349 HAL LSN/2023/2593 06/25/2024 Books
Dewey Decimal Classification Volume 14   ALL ENGLAND LAW REPORTS LAW SOCIETY OF NAMIBIA LIBRARY - WINDHOEK LAW SOCIETY OF NAMIBIA LIBRARY - WINDHOEK HALSBURY'S LAWS OF ENGLAND 06/25/2024 349 HAL LSN/2023/2594 06/25/2024 Books
Dewey Decimal Classification Volume 15   ALL ENGLAND LAW REPORTS LAW SOCIETY OF NAMIBIA LIBRARY - WINDHOEK LAW SOCIETY OF NAMIBIA LIBRARY - WINDHOEK HALSBURY'S LAWS OF ENGLAND 06/25/2024 349 HAL LSN/2023/2595 06/25/2024 Books
Dewey Decimal Classification Volume 16   ALL ENGLAND LAW REPORTS LAW SOCIETY OF NAMIBIA LIBRARY - WINDHOEK LAW SOCIETY OF NAMIBIA LIBRARY - WINDHOEK HALSBURY'S LAWS OF ENGLAND 06/25/2024 349 HAL LSN/2023/2596 06/25/2024 Books